00234nam a2200097Ia 4500082001300000245003100013100002500044942000700069008004100076999001900117 aAKF SEUS 0aHerrie broei die eier uit  a SEUSS, Dr 9106814 cBK210825s9999 xx 000 0 und d c533686d533685